Представление документа в формате MARC21

Поле Инд. ПП Название Значение
Тип записи a
Библиографический уровень m
001 Контрольный номер a023ab3727a144b0adc438c27dd822b5
005 Дата корректировки 20260413103606.8
008 Кодируемые данные 20030702
020 a ISBN 978-5-8114-3067-3
084 a Индекс другой классификации/Индекс ББК 22.161.615я73; 22.195.4я73
090 a Полочн. индекс 22.161.615я73
x Авторский знак Н 651
100 1_ a Автор Никулин Е. А.
q Полное имя Никулин Евгений Александрович
245 10 a Заглавие Компьютерная графика. Фракталы
b Продолж. заглавия учебное пособие
260 a Место издания Санкт-Петербург
b Издательство Лань
c Дата издания 2021
300 a Объем 100 с.
b Иллюстрации/ тип воспроизводства ил.
336 a Термин вида содержания Текст
337 a Термин типа средства непосредственный + электронный
440 _0 a Серия Учебники для вузов. Специальная литература
541 1_ a Номер заявки 10157
b Заявитель Мельникова О.И
c Факультет/Кафедра/Подразделение Кафедра системного анализа и управления
d Дата заявки 15.04.2021
f Дисциплина ПЯВУ
h Уровень подготовки Бакалавриат
n Количество экземпляров 10
650 04 a Основная рубрика динамические системы
a Основная рубрика дифференциальные уравнения
a Основная рубрика компьютерная геометрия
a Основная рубрика математика
a Основная рубрика математический анализ
653 0_ a Ключевые слова алгоритмические фракталы
a Ключевые слова геометрические фракталы
a Ключевые слова компьютерная графика
a Ключевые слова стохастические фракталы
a Ключевые слова фракталы
a Ключевые слова фрактальная размерности
a Ключевые слова фрактальное сжатие изображений
655 a Жанр/ форма (устаревшее) учебное пособие
720 a Наименование подборки Динамические системы
e Признак/вид подборки Тематические подборки
856 40 a Имя сервера/домена ЭБС "Лань"
d Путь http://e.lanbook.com/
i Указания/сценарий входа Доступ по логину и паролю
u URL https://e.lanbook.com/book/169237
v Время доступа к ресурсу 10.04.2027
y Справочный текст Электронная версия
900 a Имя электронного ресурса obl_Nikulin_Fractaly
x Справочная информация Обложка
900 x Справочная информация Полный текст
901 t Тип документа m
952 a Тип литературы для КСУ ВШ УИ